| 000 | 01480nam0a22002891 4500 | ||
|---|---|---|---|
| 001 | v19\rc\1937649 | ||
| 005 | 20100902174435.1 | ||
| 035 | _a(NLR Aleph) 005267612 | ||
| 090 |
_a5965618 _c5965618 |
||
| 100 | _a20080404d1912 |||y0rusy50 ca | ||
| 101 | 0 | _arus | |
| 102 | _aRU | ||
| 105 | _aa z |||a| | ||
| 200 | 1 |
_aРассказы и сказки _fА.А. Федоров-Давыдов _gС рис. П.Е. Литвиненко |
|
| 205 | _a3-е изд. | ||
| 210 |
_aМосква _cД.П. Ефимов _d1912 |
||
| 215 |
_a54 с. _cил. _d22 |
||
| 327 | 1 | _aСодерж.: Храбрый Зайчище; Как Лапоть и Кочерыжка счастье нашли; Библиотека на салазках; Лешенок; Чудовище; Жаворонки | |
| 464 | 0 | _12001#$aХрабрый Зайчище$aКак Лапоть и Кочерыжка счастье нашли$aБиблиотека на салазках$aЛешенок$aЧудовище$aЖаворонки | |
| 700 | 1 |
_aФедоров-Давыдов _bА. А. _f1873-1936 _gАлександр Александрович _3RU\NLR\AUTH\7712744 _7ca |
|
| 702 | 1 |
_aЛитвиненко _bП. Е. _cписатель; художник _f19 в.- _gПетр Евстафьевич _3RU\NLR\AUTH\7771424 _4440 _7ca |
|
| 801 | 0 |
_aRU _bNLR _c20080404 _gpsbo |
|
| 801 | 0 |
_aRU _bRuMoRGB _c20080404 _2psbo |
|
| 801 | 1 |
_aRU _bProSoft-M _c20080404 _2rusmarc |
|
| 801 | 2 |
_aRU _bNLR _c20100902 _2rusmarc |
|
| 942 | _cBOOK | ||
| 980 | _aNB | ||